El fútbol base: programas de entrenamiento

Zapisane w:
Opis bibliograficzny
Główni autorzy: Braube, Jurgen (Autor), Eibmann, Hans-Jorg (Autor), Engel, Frank (Autor), Drescher, Wolfgang (Autor), Kranspe, Detlef (Autor), Moller, Winfried (Autor), Petersdorf, Klaus (Autor), Werner, Armin (Autor), Wolk, Hartmut (Autor)
Format: Książka
Język:hiszpański
Wydane: Barcelona Paidotribo 1993
Seria:Colección Fútbol
Hasła przedmiotowe:
Etykiety: Dodaj etykietę
Nie ma etykietki, Dołącz pierwszą etykiete!

MARC

LEADER 00000nam a2200000 a 4500
001 UCS2477
003 CL-VaPUC
008 970530e19930000SP |||||||||||||||||spa|d
082 0 4 |a 796.334  |b BRA  |2 21 
100 0 |a Braube, Jurgen  |e author  |9 387929 
700 0 |a Eibmann, Hans-Jorg  |e author  |9 387930 
700 0 |a Engel, Frank  |e author  |9 387931 
700 0 |a Drescher, Wolfgang  |e author  |9 387932 
700 0 |a Kranspe, Detlef  |e author  |9 387933 
700 0 |a Moller, Winfried  |e author  |9 387934 
700 0 |a Petersdorf, Klaus  |e author  |9 387935 
700 0 |a Werner, Armin  |e author  |9 387936 
700 0 |a Wolk, Hartmut  |e author  |9 387937 
245 1 3 |a El fútbol base: programas de entrenamiento 
300 |a 267 p 
942 |c BK 
945 |d 19970530 00:00:00  |a rleighto 
260 |a Barcelona  |b Paidotribo  |c 1993 
650 0 |a Fútbol  |9 307513 
650 0 |a Deportes  |9 224367 
650 7 |a ENTRENAMIENTO ATLETICO  |2 CL-VaPUC  |9 387938 
650 0 |a Actividades deportivas   |9 372981 
583 |a last modification  |c 19970530 00:00:00  |k Rodrigo Vera 
490 0 |a Colección Fútbol 
999 |c 260430  |d 260428 
952 |0 0  |1 0  |4 0  |6 796_334000000000000_BRA_1993  |7 0  |8 A  |9 286574  |a BIBEDU  |b BIBEDU  |d 2019-11-19  |i 3313441  |l 1  |o 796.334 BRA 1993  |p 3313441  |r 2023-03-23  |s 2023-03-16  |w 2019-11-19  |y BK  |k EFI